Imbibing Value Education (Record no. 306754)

MARC details
000 -LEADER
fixed length control field 00398nam a2200157Ia 4500
008 - FIXED-LENGTH DATA ELEMENTS--GENERAL INFORMATION
fixed length control field 230718s9999 xx 000 0 und d
041 ## - LANGUAGE CODE
Language code of text/sound track or separate title eng
082 ## - DEWEY DECIMAL CLASSIFICATION NUMBER
Classification number 370.11'4
Item number PAN
100 ## - MAIN ENTRY--PERSONAL NAME
Personal name Pandya R
9 (RLIN) 146469
245 ## - TITLE STATEMENT
Title Imbibing Value Education
260 ## - PUBLICATION, DISTRIBUTION, ETC. (IMPRINT)
Date of publication, distribution, etc. 2004
Name of publisher, distributor, etc. Kalpaz
300 ## - PHYSICAL DESCRIPTION
Extent 337
365 ## - TRADE PRICE
Currency code Rs.
Price amount 690.00
700 ## - ADDED ENTRY--PERSONAL NAME
Personal name Pandya R & Mathu A
9 (RLIN) 188330
906 ## - LOCAL DATA ELEMENT F, LDF (RLIN)
d B:372625-Feb-2004
c OTH
b 138
Holdings
Withdrawn status Lost status Damaged status Not for loan Home library Current library Date acquired Vendor Budget Code Cost, normal purchase price Bill number Total Checkouts Full call number Barcode Date last seen Discount Cost, replacement price Bill Date Koha item type Original Barcode
        Cummins College of Engineering for Women Pune Cummins College of Engineering for Women Pune 27/02/2004 Technical Book Services OTH 552.00 3726   370.11'4 CCEP-BK-17961 18/07/2023 138 690.00 25/02/2004 Books 017961